|
|
|
|
| LEADER |
00000nam a2200000 4500 |
| 005 |
20170127134743.0 |
| 008 |
170127b2014 cr ||||| |||| 00| | spa d |
| 999 |
|
|
|c 3366
|d 3366
|
| 090 |
|
|
|a 06.01.01
|b 2247 CD #257
|
| 100 |
1 |
|
|9 715
|a Cordero Cordero, Teresita
|
| 245 |
1 |
0 |
|a Promoción de la participación de estudiantes con trabajos finales en el campo de la educación del grado y posgrado de la UCR en el INIE /
|c Teresita Cordero Cordero; Wendy Páez Cerdas
|
| 260 |
|
|
|a [San José, Costa Rica] :
|b INIE,
|c 2014
|
| 300 |
|
|
|a 24 páginas
|
| 500 |
|
|
|a Informe final proyecto de investigación 724-B0-703.
|
| 500 |
|
|
|a Cd contiene anexos (Tesis, ponencias y artículos)
|
| 610 |
1 |
|
|9 153
|a INSTITUTO DE INVESTIGACIÓN EN EDUCACIÓN
|
| 650 |
1 |
4 |
|9 326
|a INVESTIGACIÓN EDUCATIVA
|
| 650 |
1 |
4 |
|9 1518
|a PARTICIPACIÓN ESTUDIANTIL
|
| 700 |
1 |
|
|9 154
|a Páez Cerdas, Wendy
|
| 942 |
|
|
|i 004028 ,004035
|h 06.01.01 2247 CD #257
|2 z
|c 04
|